| 000 | 00506cam a22001697a 4500 | ||
|---|---|---|---|
| 008 | 180718b1990 xxu||||| |||| 00| 0 eng d | ||
| 020 | _a0 11 752278 3 | ||
| 082 | _aR11x42 Un3t | ||
| 100 | _aTurok,Ivan | ||
| 245 |
_aTargeting urban employment initiatives _cBy Ivan Turok and Urlan Wannop |
||
| 260 |
_aLondon _bHMSO _c1990 |
||
| 300 | _a75p | ||
| 650 | _aUrban policy -- Great Britain | ||
| 650 | _aManpower policy -- Great Britain | ||
| 650 | _aJob creation -- Great Britain | ||
| 700 | _aWannop,Urlan | ||
| 999 |
_c412192 _d412192 |
||